| 000 | 00416cam a2200181 4500 | ||
|---|---|---|---|
| 001 | D7746 | ||
| 008 | 090401t1976 xxu||||| |||| 00| 0 eng d | ||
| 035 | _a(Sirsi) u9105 | ||
| 041 | _aeng | ||
| 050 | _a347.4109 | ||
| 100 | _aParris, John | ||
| 245 | _aCasebook of arbitration law | ||
| 260 |
_aLondon _bGeorge Godwin _c1976 |
||
| 300 | _aviii. 262p. 24cm | ||
| 350 | _a7.5 | ||
| 942 | _n0 | ||
| 948 | _c04/03/1997 | ||
| 999 |
_c86600 _d86600 |
||